[Event "Floripa Chess Open 2024"]
[Site "Florianopolis"]
[Date "2024.01.23"]
[Round "5.180"]
[White "Biazon, Natalia De Oliveira"]
[Black "Morioka, Felipe Yukio"]
[Result "0-1"]
[WhiteElo "1250"]
[BlackElo "1612"]
[PlyCount "99"]
[EventDate "2024.01.20"]
[EventRounds "10"]
[EventCountry "BRA"]

1. d4 c5 2. c3 Nf6 3. Bf4 b6 4. e3 Bb7 5. Nf3 g6 6. Be2 Bg7 7. O-O O-O 8. Nbd2
d6 9. Nb3 Re8 $146 ({RR} 9... Qc7 10. Rc1 Nbd7 11. Bc4 e5 12. dxe5 dxe5 13. Bg3
Nh5 14. Bh4 e4 15. Ne1 Ne5 16. Qe2 Nxc4 17. Qxc4 a5 18. Qe2 Ba6 19. c4 Qc6 20.
g4 Nf6 21. Nd2 Rae8 22. b3 Bc8 23. g5 Bg4 24. f3 {Natsidis,C-Pueschel,W (2211)
Leipzig 2000 0-1 (31)}) 10. h3 Nbd7 11. Qd2 e5 12. dxe5 dxe5 13. Bg3 Ne4 14.
Qc2 Nxg3 15. fxg3 Nf6 16. Qd2 Qc7 17. Nh2 Ne4 18. Qe1 Rad8 19. Bf3 c4 20. Bxe4
Bxe4 21. Nd2 Bb7 22. Qe2 Rd3 23. Rfd1 Red8 24. Ndf3 Qc5 25. Rxd3 cxd3 26. Qd2
e4 27. Nd4 Bxd4 28. exd4 Qd5 29. Ng4 Qe6 30. Rf1 f5 31. Nh6+ Kg7 32. a3 e3 33.
Nxf5+ gxf5 34. Qxd3 Rf8 35. Re1 Qd5 36. Re2 Re8 37. c4 Qe4 38. Qc3 Kg6 39. b4
Qe6 40. d5 Qe5 41. Qxe5 Rxe5 42. Kf1 b5 43. cxb5 Bxd5 44. Ke1 Bc4 45. Rc2 Bxb5
46. Rc5 Rxc5 47. bxc5 Kf6 48. c6 Ke6 49. g4 fxg4 50. hxg4 0-1

[Event "Floripa Chess Open 2024"]
[Site "Florianopolis"]
[Date "2024.01.23"]
[Round "5.181"]
[White "De Oliveira, Matheus Tavares"]
[Black "Nunes, Nicole"]
[Result "1-0"]
[WhiteElo "1612"]
[BlackElo "1253"]
[PlyCount "40"]
[EventDate "2024.01.20"]
[EventRounds "10"]
[EventCountry "BRA"]

1. d4 d5 2. c4 e6 3. Nf3 Nf6 4. Bf4 c5 5. e3 Nbd7 ({RR} 5... cxd4 6. exd4 Bb4+
7. Nbd2 dxc4 8. Bxc4 O-O 9. O-O Nc6 10. Be5 b6 11. a3 Bxd2 12. Qxd2 Bb7 13. Qe2
Nxe5 14. dxe5 Nd7 15. Rfe1 Rc8 16. Bd3 Nc5 17. Bc2 Ba6 18. Qe3 Nd3 19. Bxd3
Qxd3 20. Qxd3 {Ribli,Z (2610)-Smyslov,V (2600) Bugojno 1984 1/2-1/2}) 6. Nc3
Be7 $146 ({RR} 6... cxd4 7. Qxd4 Bc5 8. Qd1 Nb6 9. Qb3 dxc4 10. Bxc4 Nxc4 11.
Qxc4 Qb6 12. O-O Bd7 13. Ne5 O-O 14. Bg5 Be8 15. Bxf6 gxf6 16. Nd3 Be7 17. Rfd1
Kh8 18. b3 Rg8 19. Na4 Qc6 20. Qxc6 Bxc6 21. Ne1 {Rex,D (1795)-Rehder,F (1691)
Wesel Undeloh 2005 1/2-1/2 (64)}) ({RR} 6... b6 7. Bd3 dxc4 8. Bxc4 Be7 9. Bb5
Bb7 10. h3 O-O 11. O-O a6 12. Ba4 b5 13. Bc2 Rc8 14. b3 cxd4 15. Nb1 Nh5 16.
Qd3 Ndf6 17. Bg5 Be4 18. Qe2 d3 19. Qe1 dxc2 20. Nbd2 Bd3 21. g4 {Payot,G 
(1199)-Handichi,A (1409) Montigny le Bretonneux 2016 0-1 (40)}) ({RR} 6... cxd4
7. exd4 Bb4 8. cxd5 Nxd5 9. Qd2 Qa5 10. a3 Nxc3 11. Rc1 Nd5 12. axb4 Qxb4 13.
Qxb4 Nxb4 14. Bd6 Nd5 15. Bb5 a6 16. Bxd7+ Bxd7 17. O-O f6 18. Rfe1 Kf7 19. Rc5
Bc6 20. b4 Nxb4 21. Rb1 {Muniz Rodriguez,J-Gutierrez Barrientos,P Nava 2001
0-1 (31)}) ({RR} 6... cxd4 7. exd4 dxc4 8. Bxc4 Bb4 9. O-O O-O 10. a3 Bxc3 11.
bxc3 Qa5 12. Qb3 Qf5 13. Bd6 Re8 14. Rae1 b6 15. Ne5 Bb7 16. f3 Nxe5 17. Rxe5
Qg6 18. Bb5 Rec8 19. Be2 Nd5 20. Rxd5 exd5 21. c4 {Rajnak,D (2190)-Mrvova,A 
(2177) Slovakia 2005 0-1}) 7. cxd5 exd5 8. dxc5 Nxc5 9. Bb5+ Bd7 10. O-O Nce4
11. Bxd7+ Qxd7 12. Ne5 Nxc3 13. Nxd7 Nxd1 14. Nxf6+ Bxf6 15. Rfxd1 Ke7 16. Rxd5
Bxb2 17. Rb1 Rac8 18. e4 Rc2 19. Rb5 Rd8 20. Rxb7+ Ke6 1-0

[Event "Floripa Chess Open 2024"]
[Site "Florianopolis"]
[Date "2024.01.23"]
[Round "5.182"]
[White "Franzen, Mark Scheer"]
[Black "Vieira, Luiza Lessing"]
[Result "1-0"]
[WhiteElo "1596"]
[BlackElo "1239"]
[PlyCount "31"]
[EventDate "2024.01.20"]
[EventRounds "10"]
[EventCountry "BRA"]

1. c4 e5 2. g3 Nc6 3. Nc3 Nge7 ({RR} 3... Bc5 4. a3 a6 5. e3 d6 6. Bg2 Ba7 7.
Nge2 Nge7 8. O-O h5 9. d4 h4 10. b4 hxg3 11. hxg3 Ng6 12. c5 Bh3 13. Bxh3 Rxh3
14. Kg2 Qd7 15. Rh1 Rxh1 16. Qxh1 O-O-O 17. Qh3 f5 18. Qh5 {Suba,M (2526)
-Vallejo Pons,F (2677) Albox 2005 0-1 (34)}) 4. Bg2 g6 5. e4 $146 ({RR} 5. Nf3
d6 6. O-O Bg4 7. h3 Bxf3 8. Bxf3 Qd7 9. Kh2 Bg7 10. d3 h6 11. Rb1 O-O 12. Qa4
a6 13. Nd5 Rfe8 14. Bxh6 b5 15. cxb5 axb5 16. Qxb5 Ra5 17. Nxe7+ Rxe7 18. Qxc6
Rxa2 19. Bxg7 Kxg7 {Simkunas,K (1776)-Linge,G Panevezys 2013 1-0 (31)}) 5...
Bg7 6. Nge2 O-O 7. O-O d6 8. h3 f5 9. d3 Kh8 10. Bg5 h6 11. Be3 g5 12. f4 Ng6
13. Qd2 gxf4 14. gxf4 Kh7 15. fxe5 Ngxe5 16. Nd5 1-0

[Event "Floripa Chess Open 2024"]
[Site "Florianopolis"]
[Date "2024.01.23"]
[Round "5.183"]
[White "Leite, Lucas Bueno De Oliv"]
[Black "Orlandi Neto, Aristides"]
[Result "0-1"]
[WhiteElo "1227"]
[BlackElo "1592"]
[PlyCount "60"]
[EventDate "2024.01.20"]
[EventRounds "10"]
[EventCountry "BRA"]

1. e4 e5 2. Nf3 Nc6 3. Bc4 Bc5 4. c3 Nf6 5. d3 a6 6. O-O d6 7. a4 h6 8. Re1 Be6
9. Bxe6 fxe6 10. b4 Ba7 11. Be3 Bxe3 12. Rxe3 O-O 13. Nbd2 d5 $146 ({RR} 13...
Qd7 14. h3 Qf7 15. Qb3 Nd7 16. Rf1 b5 17. axb5 axb5 18. Ree1 Nb6 19. Ra1 Kh7
20. Qc2 Kg8 21. Rfc1 Rfb8 22. Rxa8 Rxa8 23. Qb3 Ra4 24. Ne1 Qe8 25. Nc2 Nd8 26.
c4 Qc6 27. Kh2 Ra8 28. f3 {Stockfish 8-AlphaZero London ENG 2018 1/2-1/2 (225)}
) ({RR} 13... Qd7 14. h3 Qf7 15. Qb3 Nd7 16. Rf1 b5 17. axb5 axb5 18. Ree1 Nb6
19. Ra1 Kh7 20. Qc2 Kg8 21. Rfc1 Rfb8 22. Rxa8 Rxa8 23. Qb3 Ra4 24. Ne1 Qe8 25.
Nc2 Nd8 26. c4 Qc6 27. Kh2 Ra8 28. f3 {Stockfish-AlphaZero London 2018 1/2-1/2
(225)}) 14. d4 exd4 15. Nxd4 Qd6 16. Qb3 Ng4 17. N4f3 Nxe3 18. fxe3 Ne5 19. Rd1
Rad8 20. Nd4 Rf6 21. N4f3 c6 22. Qa2 Nc4 23. Qc2 dxe4 24. Ne1 Nb6 25. a5 Nd5
26. Nb3 Qe5 27. c4 Qc3 28. cxd5 Qxb3 29. dxc6 Rxd1 30. cxb7 Rxe1# 0-1

[Event "Floripa Chess Open 2024"]
[Site "Florianopolis"]
[Date "2024.01.23"]
[Round "5.184"]
[White "Santos, Marcos Correia"]
[Black "Born, Ary"]
[Result "1-0"]
[WhiteElo "1564"]
[BlackElo "1249"]
[PlyCount "81"]
[EventDate "2024.01.20"]
[EventRounds "10"]
[EventCountry "BRA"]

1. e4 e6 2. d3 c5 3. Nf3 Nc6 4. g3 d5 5. Nbd2 Nf6 6. Bg2 Be7 7. O-O Qc7 8. Re1
b5 9. Nf1 ({RR} 9. a4 b4 10. Nf1 a5 11. e5 Nd7 12. Bf4 h6 13. h4 Bb7 14. Ne3 g5
15. hxg5 hxg5 16. Nxg5 Ncxe5 17. Ng4 Bd6 18. d4 cxd4 19. Qxd4 Rg8 20. Nxe5 Nxe5
21. Rxe5 O-O-O 22. Nf3 Rg4 23. Qa7 Rdg8 {Matinian,N (2454)-Azarov,S (2600)
Europe-Echecs INT 2022 1-0 (40)}) 9... Bb7 10. a4 $146 ({RR} 10. Bf4 Qb6 11. e5
Nd7 12. g4 h5 13. h3 O-O-O 14. Ng3 hxg4 15. hxg4 Rh7 16. c3 Rdh8 17. d4 Qd8 18.
Qe2 Ba6 19. a4 Qb6 20. Bf1 c4 21. axb5 Bxb5 22. b3 Na5 23. Reb1 a6 24. bxc4
Nxc4 {Lombardy,W-Hort,V Budva 1963 1/2-1/2 (31)}) ({RR} 10. Bf4 e5 11. Bg5 d4
12. Nh4 h6 13. Bd2 Nd7 14. Nf5 Bf6 15. f4 Nf8 16. fxe5 Nxe5 17. Bf4 Ne6 18. Bc1
h5 19. Nd2 h4 20. Nf3 hxg3 21. Nxg3 Ng4 22. h3 Qxg3 23. hxg4 Qxg4 24. Rf1 Nf4 {
Barraclough,S (1296)-Cast,A (2122) Birmingham 2001 1/2-1/2 (38)}) ({RR} 10. e5
Nd7 11. Bf4 Nb6 12. h4 h6 13. Qd2 O-O-O 14. c3 Rdg8 15. b3 a5 16. a4 b4 17.
cxb4 Nxb4 18. Rac1 Kb8 19. h5 d4 20. Qe2 Qd7 21. N1d2 Ba6 22. Nc4 Nxc4 23. dxc4
Bb7 24. Bd2 Bg5 {Borngaesser,R (2370)-Weber,R Bonn 1979 1-0 (56)}) 10... b4 11.
h4 d4 12. N1d2 Ne5 13. Nxe5 a5 14. Ndc4 h5 15. Bf4 Qd8 16. Nf3 Ra6 17. Nfd2 g5
18. Bxg5 Ng4 19. Bxe7 Qxe7 20. Nf3 e5 21. Nh2 Bc8 22. Bf3 Rg8 23. Bxg4 hxg4 24.
Qd2 Rag6 25. Nxa5 Qd8 26. Nc4 Qe7 27. Nf1 Kf8 28. a5 R8g7 29. a6 Bxa6 30. Ra5
Kg8 31. b3 Kh7 32. Rea1 f5 33. Rxa6 f4 34. Rxg6 fxg3 35. Rxg7+ Qxg7 36. fxg3
Qf6 37. Qf2 Qf3 38. Qxf3 gxf3 39. Nxe5 Kh6 40. Nh2 Kh5 41. Kf2 1-0

[Event "Floripa Chess Open 2024"]
[Site "Florianopolis"]
[Date "2024.01.23"]
[Round "5.185"]
[White "Mariani, Kim Paul"]
[Black "Vaz, Vania Dora Madona"]
[Result "1-0"]
[WhiteElo "1530"]
[BlackElo "1236"]
[PlyCount "79"]
[EventDate "2024.01.20"]
[EventRounds "10"]
[EventCountry "BRA"]

1. d4 Nf6 2. c4 g6 3. Nc3 Bg7 4. e4 d6 5. f3 O-O 6. Be3 c5 7. dxc5 dxc5 8. Qxd8
Rxd8 9. Bxc5 Nc6 10. Nge2 b6 ({RR} 10... Nd7 11. Bf2 Nde5 12. Nf4 Bh6 13. Bg3
b6 14. Nfd5 e6 15. Rd1 Bb7 16. Be2 Bg7 17. f4 Nd7 18. Nc7 {1/2-1/2 (18) Boros,
D (2472)-Lenic,L (2584) Gaziantep 2008}) 11. Be3 Nb4 12. Kf2 ({RR} 12. Rd1 Nd3+
13. Rxd3 Rxd3 14. Kf2 Rd8 15. Nf4 e6 16. Be2 Bb7 17. Rc1 Nd7 18. b3 Nc5 19. h4
Rac8 20. Rc2 Na6 21. Nd3 Rxd3 22. Bxd3 Nb4 23. Nb5 Nxd3+ 24. Ke2 Nb4 25. Rd2
Bf8 26. Rd7 Bc6 {Hoffman,A (2454)-Di Berardino,D (2513) Curitiba BRA 2019 0-1 
(39)}) 12... Nc2 $146 ({RR} 12... Nd3+ 13. Kg1 Nxb2 14. Nf4 Ng4 15. fxg4 Bxc3
16. Rc1 Nd1 17. Nd5 Bxg4 18. Rxd1 Bxd1 19. Nxc3 Bc2 20. Be2 b5 21. cxb5 e6 22.
Kf2 Rac8 23. Nb1 Bxe4 24. Nd2 Bd3 25. a4 Bxe2 26. Kxe2 Rc2 27. a5 {Selbekk,V 
(1745)-Thjomoe,H (1717) Moss 2006 1-0 (38)}) ({RR} 12... Nd3+ 13. Kg1 Nxb2 14.
Nf4 Ng4 15. fxg4 Bxc3 16. Nd5 Nxc4 17. Rd1 Nxe3 18. Nxe7+ Kf8 19. Rxd8+ Kxe7
20. Rd3 Nxf1 21. Rxc3 Nd2 22. g5 Nxe4 23. Re3 Bb7 24. h4 Rc8 25. Kh2 Rc3 26.
Re2 Ke6 27. Rf1 {Enchev,E (1990)-Gigov,M (2170) Pleven 2004 0-1 (39)}) 13. Rd1
Rxd1 14. Nxd1 Nxe3 15. Nxe3 Bb7 16. Nc1 Nd7 17. Nd3 Bd4 18. Be2 Rc8 19. b3 Rd8
20. Rd1 Nf8 21. Nb4 e5 22. Nbd5 Ne6 23. Kg3 h5 24. Nc2 Kg7 25. h4 f5 26. exf5
gxf5 27. Bd3 f4+ 28. Kh3 Bc8 29. Kh2 Bf2 30. Ne7 Bd7 31. Ng6 Kf6 32. Nb4 Rg8
33. Nd5+ Kf7 34. Nxe5+ Ke8 35. Nf6+ Kf8 36. Nexd7+ Kg7 37. Nxg8 Kxg8 38. Nf6+
Kf7 39. Nxh5 Bxh4 40. Bf5 1-0

[Event "Floripa Chess Open 2024"]
[Site "Florianopolis"]
[Date "2024.01.23"]
[Round "5.186"]
[White "Nazario Sebastiao, Mariani"]
[Black "Poli, Maria Luiza De Oliv"]
[Result "0-1"]
[WhiteElo "1530"]
[BlackElo "1171"]
[PlyCount "130"]
[EventDate "2024.01.20"]
[EventRounds "10"]
[EventCountry "BRA"]

1. e4 e5 2. Nf3 Nc6 3. Bb5 d6 4. d4 exd4 5. Nxd4 Bd7 6. Bxc6 Bxc6 7. Nxc6 bxc6
8. O-O Nf6 9. Nc3 Be7 10. Re1 O-O 11. a3 $146 ({RR} 11. e5 dxe5 12. Qxd8 Rfxd8
13. Rxe5 Nd5 14. Nxd5 Rxd5 15. Re1 Rad8 16. Be3 Bc5 17. c4 Re5 18. Bf4 Rxe1+
19. Rxe1 h6 20. a3 a5 21. Kf1 Rd4 22. Bxc7 a4 23. Ba5 Rxc4 24. Re2 Bd4 25. Be1
Rc1 {Green,J (1720)-Booth,K (1522) Winnipeg 2006 1/2-1/2}) ({RR} 11. Bg5 Nd7
12. Bxe7 Qxe7 13. Qd2 Rfe8 14. Rad1 Qe5 15. f4 Qc5+ 16. Kh1 Re7 17. b3 Rae8 18.
e5 dxe5 19. Ne4 Qb6 20. Ng3 Nf6 21. Rxe5 Rxe5 22. fxe5 Rxe5 23. Qg5 Qd4 24. Qc1
Qg4 25. Re1 Qe6 {Tishin,P (2418)-Novikov,M (2506) Tula 2005 0-1 (37)}) ({RR} 
11. Bg5 h6 12. Bh4 d5 13. e5 Nd7 14. Bxe7 Qxe7 15. Qd4 Rae8 16. f4 Qc5 17. Qxc5
Nxc5 18. Rad1 Rb8 19. b3 a5 20. Rd4 Ne6 21. Ra4 Ra8 22. g3 Nc5 23. Rd4 Ra7 24.
Na4 Nxa4 25. Rxa4 Rb8 {Campayne,S-Dunat,K (1398) chess.com INT 2021 0-1 (57)})
({RR} 11. Qf3 Rb8 12. Qg3 Rb4 13. a3 Rd4 14. Bh6 g6 15. Bxf8 Bxf8 16. Rad1 Rc4
17. Qe3 Qb8 18. b3 Rc5 19. f4 Ng4 20. Qd4 Bg7 21. e5 Qb6 22. Na4 Qa5 23. Nxc5
dxe5 24. Qd8+ Bf8 25. Nd7 Qxa3 {Konovalov,V-Kelbas,Y Evpatoria 2007 1/2-1/2 
(40)}) ({RR} 11. Bg5 h6 12. Bxf6 Bxf6 13. Re3 Re8 14. Qd3 d5 15. Rd1 Rb8 16. b3
dxe4 17. Qxd8 Rbxd8 18. Rxd8 Rxd8 19. g3 Bd4 20. Rxe4 Bxc3 21. Rc4 Bd4 22. Rxc6
Bb6 23. b4 Rd2 24. a4 Rxf2 25. Rxb6 Rxc2 {Palenta,A-Schnurbus,M Germany 1998
0-1 (55)}) 11... h6 12. Qf3 Qd7 13. h3 Nh7 14. Qg3 Kh8 15. f4 Qd8 16. Qf3 Re8
17. Rd1 Qc8 18. Be3 Qb7 19. Rab1 Rad8 20. Qf2 a6 21. Qf3 Rf8 22. Bd4 Rfe8 23.
Qg3 Bf6 24. Bxf6 Nxf6 25. e5 dxe5 26. fxe5 Nd5 27. Re1 Re7 28. b3 Re6 29. Na4
Qa7+ 30. Kh1 Rg6 31. Qf3 Kg8 32. Re4 Ra8 33. Rf1 Rf8 34. e6 Rf6 35. exf7+ R6xf7
36. Qxf7+ Rxf7 37. Re8+ Kh7 38. Rxf7 Qd4 39. Re1 Qd2 40. Ref1 Qxc2 41. R7f3 Qe4
42. Nc5 Qe8 43. Na4 Qe7 44. b4 Qg5 45. Nc5 Ne3 46. R1f2 Nd1 47. Rc2 Ne3 48. Ra2
Qd5 49. Rxe3 Qxa2 50. Nxa6 Qa1+ 51. Kh2 Qd4 52. Rf3 Qd6+ 53. Kg1 Qd1+ 54. Rf1
Qd4+ 55. Kh2 Qc4 56. Rf3 Qxa6 57. Kg1 Qb6+ 58. Kh2 c5 59. bxc5 Qxc5 60. Kh1 Qa5
61. Kh2 c5 62. Kg1 c4 63. Kf1 c3 64. Ke2 Qxa3 65. Rf1 Qb2+ 0-1

[Event "Floripa Chess Open 2024"]
[Site "Florianopolis"]
[Date "2024.01.23"]
[Round "5.187"]
[White "Baratieri, Maria Vitoria"]
[Black "Guimaraes, Victor Carib Crosla"]
[Result "1/2-1/2"]
[WhiteElo "1152"]
[BlackElo "1522"]
[PlyCount "77"]
[EventDate "2024.01.20"]
[EventRounds "10"]
[EventCountry "BRA"]

1. d4 Nf6 2. c4 g6 3. f3 Bg7 4. e4 d6 5. Nc3 Nbd7 6. Be3 e5 7. d5 Nh5 8. Nge2 (
{RR} 8. Qd2 f5 9. O-O-O f4 10. Bf2 a6 11. Kb1 O-O 12. Nge2 g5 13. Nc1 Rf7 14.
b4 b6 15. Nb3 Bf8 16. Be2 Ndf6 17. h3 h6 18. Rc1 Ng3 19. Rhd1 Nxe2 20. Qxe2 a5
21. bxa5 bxa5 22. a4 Qe8 {Wiley,T (2124)-Vokoun,J (2082) Olomouc CZE 2019 1/
2-1/2}) 8... a6 ({RR} 8... f5 9. Qd2 Ndf6 10. exf5 gxf5 11. O-O-O O-O 12. g3 a6
13. Kb1 Qe8 14. Nc1 Bd7 15. c5 Qg6 16. Bd3 e4 17. fxe4 Nxe4 18. Bxe4 fxe4 19.
cxd6 cxd6 20. N1e2 Bg4 21. Rc1 Rf2 22. Qe1 Raf8 23. Ka1 {Borisenko,A (2411)
-Yanvarjov,I (2421) Moscow 2012 0-1 (38)}) 9. Qd2 Qh4+ $146 ({RR} 9... Qe7 10.
Rc1 b6 11. b4 h6 12. g3 Bf8 13. Bg2 Ng7 14. Rc2 g5 15. Nc1 f5 16. Nd3 f4 17.
Bf2 h5 18. c5 bxc5 19. bxc5 Qf7 20. Na4 Be7 21. Nb4 g4 22. gxf4 exf4 23. Nc6
Bg5 24. Qa5 {Horvath,M (2060)-Radonich,L Balatonbereny 1993 1-0 (36)}) 10. Bf2
Qe7 11. Nc1 f5 12. Nd3 Nhf6 13. Be2 fxe4 14. fxe4 O-O 15. O-O b5 16. cxb5 axb5
17. Bf3 Ba6 18. Nb4 Nc5 19. Rfe1 Qd7 20. Nc2 Bb7 21. Rad1 Na4 22. Nxa4 Rxa4 23.
Nb4 Ng4 24. b3 Nxf2 25. bxa4 Nxd1 26. Rxd1 bxa4 27. Qc2 Bh6 28. Nd3 c6 29. dxc6
Bxc6 30. Nb4 Be3+ 31. Kh1 Bc5 32. Nxc6 Qxc6 33. Qc4+ Kg7 34. Qe6 Qe8 35. Qd5
Qf7 36. Qxf7+ Rxf7 37. Be2 Rf2 38. Bc4 Rf4 39. Bd5 1/2-1/2

[Event "Floripa Chess Open 2024"]
[Site "Florianopolis"]
[Date "2024.01.23"]
[Round "5.188"]
[White "Da Silva, Kauan Salvagni Tele"]
[Black "Santos, Nathaly Camily Ferr"]
[Result "1-0"]
[WhiteElo "1517"]
[BlackElo "1167"]
[PlyCount "77"]
[EventDate "2024.01.20"]
[EventRounds "10"]
[EventCountry "BRA"]

1. d4 {Schulz,André} d5 2. c4 e6 3. Nf3 Nf6 4. e3 a6 5. b3 c5 6. Bb2 cxd4 ({RR
} 6... Nc6 7. Nbd2 dxc4 8. bxc4 cxd4 9. exd4 Be7 10. Bd3 Nxd4 11. Nxd4 e5 12.
O-O exd4 13. Nb3 O-O 14. Nxd4 Ng4 15. Be2 Ne5 16. Qb3 Bf6 17. Rad1 Qc7 18. Qg3
Re8 19. Nc2 Nf3+ 20. Bxf3 Qxg3 21. hxg3 {Nagy,G (2518)-Pedersen,N (2369)
Skanderborg DEN 2021 1-0 (32)}) 7. Nxd4 ({RR} 7. exd4 Nc6 8. Nbd2 g6 9. Bd3 ({
RR} 9. Be2 Bg7 10. O-O O-O 11. Ne5 Nd7 12. Nxc6 bxc6 13. Nf3 Qa5 14. Qc2 Bb7
15. Rfd1 Rfc8 16. Bc3 Qc7 17. Qd2 Nf6 18. Ba5 Ne4 19. Bxc7 Nxd2 20. Bb6 Nxf3+
21. Bxf3 Bh6) 9... Bg7 10. O-O O-O 11. Rc1 b6 12. Re1 Bb7 13. a3 Rc8 14. Qe2
dxc4 15. bxc4 Re8 16. h3 Qc7 17. Qe3 Ne7 18. Ne5 Nf5 19. Bxf5 exf5 20. Ndf3
Bxf3 21. Qxf3 Ne4 {Radjabov,T (2738)-Carlsen,M (2850) Berlin 2015 CBM 168
Extra [Schulz,André] 1-0 (41)}) 7... Ne4 $146 ({RR} 7... Bb4+ 8. Bc3 Bd6 9. Nf3
O-O 10. Nbd2 Nc6 11. Be2 e5 12. cxd5 Nxd5 13. Bb2 Re8 14. e4 Nf4 15. O-O Bg4
16. Nc4 Bc5 17. Ne3 Bxe3 18. fxe3 Qb6 19. Bc1 Rad8 20. Qe1 Nb4 21. Qf2 Nbd3 22.
Bxd3 {Barrish,D (2209)-Mirzoev,A (2474) Ceske Budejovice CZE 2019 0-1 (35)}) ({
RR} 7... Bb4+ 8. Nd2 O-O 9. a3 Be7 10. Be2 Nc6 11. O-O Bd7 12. Qb1 dxc4 13.
Nxc4 b5 14. Nxc6 Bxc6 15. Rd1 Bd5 16. Ne5 Qc7 17. Bf3 Rac8 18. Bxd5 Nxd5 19.
Rc1 Qb7 20. Qd3 Bf6 21. Bd4 Rfd8 22. Qe4 {Hort,V (2419)-Narayanan,S (2575)
Basel SUI 2019 0-1 (68)}) 8. a3 dxc4 9. Bxc4 e5 10. Qh5 Qf6 11. Nf3 Nc6 12.
Bxe5 Qe7 13. Bd5 Nf6 14. Bxc6+ bxc6 15. Bxf6 Qxf6 16. Qe5+ Be7 17. Qxf6 Bxf6
18. Ra2 Be6 19. Nbd2 Rb8 20. Rc2 Rb6 21. b4 O-O 22. O-O Rd8 23. Rfc1 Rd6 24. h3
Rd3 25. Rxc6 Rxc6 26. Rxc6 Rxa3 27. Rb6 h6 28. Ne4 Be7 29. Rb7 Bf6 30. Nxf6+
gxf6 31. Rb6 Bc4 32. Rxf6 Kg7 33. Rb6 Bb5 34. Nd4 Bd3 35. Rb7 Ra1+ 36. Kh2 Rb1
37. Ne6+ Kf6 38. Nc5 Bb5 39. Nxa6 1-0

[Event "Floripa Chess Open 2024"]
[Site "Florianopolis"]
[Date "2024.01.23"]
[Round "5.189"]
[White "Orsini, Cesar Oliveira"]
[Black "Nobre, Jailson Altair Barb"]
[Result "1-0"]
[WhiteElo "1151"]
[BlackElo "1512"]
[PlyCount "65"]
[EventDate "2024.01.20"]
[EventRounds "10"]
[EventCountry "BRA"]

1. e4 c5 2. Nf3 e6 3. d4 cxd4 4. Nxd4 a6 5. Bd3 Nf6 6. O-O Qc7 7. Qe2 d6 8. c4
Nc6 9. Nxc6 bxc6 10. Nc3 ({RR} 10. f4 Be7 11. Nc3 Nd7 12. Kh1 Bf6 13. Bd2 a5
14. e5 dxe5 15. Ne4 exf4 16. Nxf6+ Nxf6 17. Bxf4 Qe7 18. Rad1 Bb7 19. Bc2 Rd8
20. Rxd8+ Qxd8 21. Rd1 Qb6 22. Bd6 h5 23. c5 Qb4 24. Qe5 Bc8 {Smirnov,P (2615)
-Meijers,V (2512) Istanbul 2003 1-0 (31)}) 10... e5 ({RR} 10... Be7 11. f4 Nd7
12. Be3 O-O 13. Rad1 Bb7 14. Bb1 Rad8 15. Qc2 g6 16. f5 exf5 17. exf5 Rfe8 18.
fxg6 fxg6 19. Qf2 Rf8 20. Qg3 Ne5 21. Bf4 Bf6 22. Ne4 Bg7 23. c5 dxc5 24. Rxd8
Rxd8 25. Nxc5 {Miller,R (2004)-Morales Flores,M (1953) chess.com INT 2021 0-1 
(46)}) 11. Be3 Be7 12. h3 O-O $146 ({RR} 12... Be6 13. Rac1 Qb7 14. f4 exf4 15.
Bxf4 O-O 16. b3 {1/2-1/2 (16) Watzka,H (2234)-Lofgren,C (2102) Vienna 2015}) ({
RR} 12... g5 13. g4 h5 14. f3 hxg4 15. hxg4 Bb7 16. Kg2 d5 17. cxd5 cxd5 18.
Rac1 Qd6 19. Bf2 d4 20. Nb1 Nd7 21. Nd2 Nb6 22. Rh1 Rxh1 23. Rxh1 Kd7 24. Nc4
Nxc4 25. Bxc4 f6 26. Be1 a5 27. Rh7 {Simutowe,M (2163)-Salimu,R (1949)
Johannesburg 2016 1/2-1/2 (78)}) 13. Rfd1 Bb7 14. Rac1 h6 15. Rc2 Rab8 16. b3
Rfd8 17. Kh1 Ba8 18. f4 Nh7 19. Qg4 Qd7 20. f5 Bg5 21. Bxg5 Nxg5 22. h4 Nh7 23.
Rf2 Nf6 24. Qf3 d5 25. Bc2 d4 26. g4 Qc7 27. Ne2 Nh7 28. Qg3 Qe7 29. Ng1 c5 30.
Nf3 Nf6 31. g5 hxg5 32. Qxg5 Nh7 33. Qxe7 1-0

[Event "Floripa Chess Open 2024"]
[Site "Florianopolis"]
[Date "2024.01.23"]
[Round "5.190"]
[White "Vieira, Luana Saddi"]
[Black "Bandeira, Ricardo"]
[Result "1-0"]
[WhiteElo "1501"]
[BlackElo "1161"]
[PlyCount "53"]
[EventDate "2024.01.20"]
[EventRounds "10"]
[EventCountry "BRA"]

1. e4 e5 2. Nf3 d6 3. Bc4 Nf6 4. d3 Be7 5. Nc3 O-O 6. Be3 ({RR} 6. h3 c6 7. O-O
Nbd7 8. a3 Nc5 9. Kh1 Be6 10. b4 Bxc4 11. bxc5 Ba6 12. cxd6 Qxd6 13. Nh4 g6 14.
Nf3 Rad8 15. Be3 Qb8 16. Nh2 Nh5 17. Ne2 b6 18. Qc1 Bc8 19. g4 Ng7 20. f4 exf4
{Puric,N (2200)-Ianov,V (2386) Bijeljina 2001 0-1 (104)}) 6... c6 7. Bg5 ({RR} 
7. d4 Nbd7 8. dxe5 dxe5 9. h3 Qc7 10. a4 Bb4 11. Bd3 Nc5 12. Bxc5 Bxc5 13. O-O
a5 14. Qe2 h6 15. Bc4 Nh5 16. Rfd1 Nf4 17. Qd2 Bxh3 18. gxh3 Nxh3+ 19. Kg2 Nf4+
20. Kh1 Rad8 21. Qe1 Qc8 {Kupsik,J (1703)-Jankowiak,T (1905) Suwalki 2017 0-1 
(60)}) 7... Nbd7 8. Qd2 $146 ({RR} 8. d4 Qc7 9. Qd2 h6 10. Bxh6 gxh6 11. Qxh6
Nh7 12. Qg6+ Kh8 13. Bxf7 exd4 14. Nxd4 Ne5 15. Ne6 Bxe6 16. Qxe6 Rxf7 17. Ne2
Rf6 18. Qb3 Qb6 19. Qxb6 axb6 20. f4 Ng6 21. f5 Ne5 22. h3 Rf7 {Durmisi,V 
(1689)-Sieker,R (2047) Willingen 2008 0-1}) 8... Nb6 9. Bb3 Bg4 10. h4 Bxf3 11.
gxf3 d5 12. O-O-O d4 13. Ne2 Nh5 14. Rdg1 Nd7 15. Kb1 Nc5 16. Bxe7 Qxe7 17. Qh6
Nxb3 18. axb3 f5 19. Qxh5 fxe4 20. dxe4 Rf7 21. Ng3 Qe6 22. Nf5 Kh8 23. Qg5 g6
24. Nh6 Rxf3 25. h5 d3 26. cxd3 Qxb3 27. Qxe5+ 1-0

[Event "Floripa Chess Open 2024"]
[Site "Florianopolis"]
[Date "2024.01.23"]
[Round "5.191"]
[White "Marques, Melissa Da Costa"]
[Black "Pereira, Francisco Neris"]
[Result "0-1"]
[WhiteElo "1111"]
[BlackElo "1474"]
[PlyCount "116"]
[EventDate "2024.01.20"]
[EventRounds "10"]
[EventCountry "BRA"]

1. e4 e5 2. Nf3 Nc6 3. Bc4 Nf6 4. Ng5 d5 5. exd5 Na5 6. Bb5+ c6 7. dxc6 bxc6 8.
Be2 Be7 9. Nc3 ({RR} 9. d3 Nd5 10. Nf3 f6 11. O-O O-O 12. Nc3 Rb8 13. a3 c5 14.
Nxd5 Qxd5 15. Bd2 Nc6 16. c4 Qd8 17. Bc3 a5 18. Re1 Be6 19. Bf1 Rb7 20. g3 Qc8
21. Bg2 Rd8 22. Qa4 Rb6 23. Rad1 Bd7 {Cerveny,P (2333)-Abdumalik,Z (2458)
Pardubice CZE 2019 0-1 (41)}) 9... O-O 10. d3 Nd5 11. Nge4 Rb8 $146 ({RR} 11...
Nxc3 12. Nxc3 Qd4 13. Be3 Qh4 14. Ne4 Bd8 15. O-O Qe7 16. Bc5 Qe6 17. Bxf8 Kxf8
18. d4 Nb7 19. dxe5 Qxe5 20. Nc3 Qg5 21. Bf3 Na5 22. b4 Nc4 23. Bxc6 Rb8 24.
Re1 Be6 25. b5 Ba5 26. Ne4 {Jones,M (1583)-O'Brien,G (944) Erindale 1998 1-0})
12. a3 Re8 13. Nxd5 cxd5 14. Ng3 Nc6 15. Bg4 Nd4 16. c3 Bxg4 17. f3 Nb3 18.
fxg4 Nxa1 19. b4 a5 20. O-O axb4 21. axb4 d4 22. Bb2 dxc3 23. Bxa1 Bxb4 24. Qf3
Qd7 25. h4 Rbd8 26. Nh5 Qd5 27. Qf5 e4 28. dxe4 Rxe4 29. Nxg7 Kxg7 30. Qf6+ Kg8
31. Bxc3 Bxc3 32. Qxc3 Qd4+ 33. Qxd4 Rexd4 34. Kh2 Rxg4 35. Kh3 Rdd4 36. g3 Rg6
37. h5 Rg5 38. h6 Rh5+ 39. Kg2 Rxh6 40. Re1 Re6 41. Rf1 h5 42. Rf3 Kg7 43. Rf5
Kg6 44. Rf2 Red6 45. Kf3 Rf6+ 46. Ke3 Rxf2 47. Kxf2 Rd3 48. Kg2 Kg5 49. Kh2 Kg4
50. Kg2 Rd2+ 51. Kf1 Kf3 52. Ke1 Rh2 53. g4 hxg4 54. Kd1 Ke3 55. Kc1 Kd3 56.
Kb1 Kc3 57. Ka1 Kb3 58. Kb1 Rh1# 0-1